Blueberry 5 : The end of the trail

Bibliographic Details
Format: Book
Published: London : Titan books , 1990

MARC

LEADER 00000cam a2200000 7i4500
001 0000071292
005 20170309.0
008 170309
020 |a 1852861940 
090 0 0 |a JF   |b ENG 
245 0 0 |a Blueberry 5 :   |b The end of the trail 
260 |a London :   |b Titan books ,   |c 1990 
999 |a 0000532784   |b Book   |c Children Collection   |e Cawangan Pontian